00223nam a2200073Ia 4500082001900000245003200019100005700051008004100108 aMERM-PCRL-PEZL 0aHard soos kameeldoringhout  a DU PISANIE, Sarah Pretoria, 1992 Grootdrukuitg 210817s9999 xx 000 0 und d